000 00206 a2200097 4500
001 4164
100 _aTall,J
245 _aTechniqus of magnetic recording
260 _a
_bMacmillan
_c
090 _c3381
_d3381
942 _aNUST-CAE
_cM
_c26458
999 _c239237
_d239237